[Event "Warsaw AIG Life rapid"]
[Site "Warsaw"]
[Date "2005.12.17"]
[Round "7"]
[White "Schmidt, Wlodzimierz"]
[Black "Zhigalko, Sergei"]
[Result "0-1"]
[WhiteElo "2435"]
[BlackElo "2490"]
[PlyCount "120"]
[EventDate "2005.12.17"]
[EventType "swiss (rapid)"]
[EventRounds "13"]
[EventCountry "POL"]
[SourceTitle "CBM 110 Extra"]
[Source "ChessBase"]
[SourceDate "2006.03.10"]
[SourceVersion "2"]
[SourceVersionDate "2006.03.10"]
[SourceQuality "1"]

1. d4 Nf6 2. c4 e6 3. Nc3 Bb4 4. e3 O-O 5. Bd3 c5 6. Nge2 d5 7. cxd5 exd5 8. O-O Bg4 9. f3 Bh5 10. a3 Bxc3 11. Nxc3 Nbd7 12. Kh1 Re8 13. Ne2 Bg6 14. dxc5 Nxc5 15. Nd4 Qb6 16. Bxg6 hxg6 17. b4 Ncd7 18. Nc2 Ne5 19. Bb2 Nc4 20. Bd4 Qe6 21. Qd3 Rad8 22. Rfe1 a6 23. Rad1 b5 24. Ra1 Qc6 25. Qb3 Rc8 26. Re2 Nb6 27. Rd1 Nc4 28. Ra1 Nb6 29. Rd1 Na4 30. Rd3 Nd7 31. Kg1 Ndb6 32. Kf2 Nc4 33. Ba1 Re7 34. Bd4 Rec7 35. Ba1 Qe6 36. Bd4 Qf5 37. g3 g5 38. g4 Qg6 39. Kg2 Rc6 40. Ne1 Re6 41. Kf2 Rec6 42. Ba1 Nab6 43. e4 dxe4 44. Rxe4 Re6 45. Rxe6 Qxe6 46. Qd1 Re8 47. Nc2 Na4 48. Nd4 Qb6 49. Qc1 f6 50. Kf1 Qd6 51. Kg2 Re2+ 52. Nxe2 Qxd3 53. Ng3 Qxa3 54. Qe1 Qe3 55. Qb1 Qxf3+ 56. Kxf3 Nd2+ 57. Ke3 Nxb1 58. Kd4 Nd2 59. Kd5 Nb3 60. Bd4 Kf7 0-1

[Event "Warsaw AIG Life rapid"]
[Site "Warsaw"]
[Date "2005.12.17"]
[Round "8"]
[White "Gyimesi, Zoltan"]
[Black "Zhigalko, Sergei"]
[Result "1-0"]
[WhiteElo "2624"]
[BlackElo "2490"]
[PlyCount "70"]
[EventDate "2005.12.17"]
[EventType "swiss (rapid)"]
[EventRounds "13"]
[EventCountry "POL"]
[SourceTitle "CBM 110 Extra"]
[Source "ChessBase"]
[SourceDate "2006.03.10"]
[SourceVersion "2"]
[SourceVersionDate "2006.03.10"]
[SourceQuality "1"]

1. d4 Nf6 2. c4 e6 3. Nf3 b6 4. g3 Ba6 5. Qa4 Bb7 6. Bg2 c5 7. dxc5 Bxc5 8. O-O O-O 9. Nc3 Be7 10. Rd1 d6 11. Bf4 a6 12. Rd2 Qc7 13. Rad1 Rd8 14. Qc2 h6 15. e4 Nc6 16. Nd5 exd5 17. cxd5 Rac8 18. dxc6 Qxc6 19. Qb3 Nxe4 20. Nd4 Qd7 21. Re2 d5 22. Qxb6 Bc5 23. Qb3 a5 24. Nb5 a4 25. Qxa4 Bc6 26. Rxe4 Bxb5 27. Qa5 dxe4 28. Bc7 Be7 29. h4 Re8 30. Bf4 Rc2 31. Bxe4 Rxb2 32. Bd5 Bb4 33. Bb3 Re1+ 34. Kg2 Rbe2 35. Qd8+ Kh7 1-0

[Event "Warsaw AIG Life rapid"]
[Site "Warsaw"]
[Date "2005.12.18"]
[Round "9"]
[White "Zhigalko, Sergei"]
[Black "Staniszewski, Piotr"]
[Result "1/2-1/2"]
[WhiteElo "2490"]
[BlackElo "2424"]
[PlyCount "77"]
[EventDate "2005.12.17"]
[EventType "swiss (rapid)"]
[EventRounds "13"]
[EventCountry "POL"]
[SourceTitle "CBM 110 Extra"]
[Source "ChessBase"]
[SourceDate "2006.03.10"]
[SourceVersion "2"]
[SourceVersionDate "2006.03.10"]
[SourceQuality "1"]

1. e4 e5 2. Nf3 Nc6 3. Bb5 a6 4. Ba4 Nf6 5. O-O Be7 6. Re1 b5 7. Bb3 O-O 8. h3 Bb7 9. d3 d6 10. a3 Qd7 11. Nbd2 Nd8 12. Nf1 c5 13. Ng3 Ne6 14. Nf5 Bd8 15. Be3 Bb6 16. Qd2 Qc7 17. Ba2 Rfe8 18. Bg5 Nh5 19. Be3 Rad8 20. Bd5 Bxd5 21. exd5 Nef4 22. c4 Qd7 23. Bxf4 Nxf4 24. Ng3 bxc4 25. dxc4 f5 26. b4 Rf8 27. Rab1 Rde8 28. b5 a5 29. a4 h6 30. Ne2 Ng6 31. Nc1 e4 32. Nh2 Ne5 33. Qc2 Qe7 34. Rb3 Qg5 35. Rg3 Qf6 36. Rge3 Qg5 37. Rg3 Qf6 38. Rge3 Qg5 39. Rg3 1/2-1/2

[Event "Warsaw AIG Life rapid"]
[Site "Warsaw"]
[Date "2005.12.18"]
[Round "10"]
[White "Zhigalko, Sergei"]
[Black "Solys, Laimutis"]
[Result "1-0"]
[WhiteElo "2490"]
[BlackElo "2321"]
[PlyCount "49"]
[EventDate "2005.12.17"]
[EventType "swiss (rapid)"]
[EventRounds "13"]
[EventCountry "POL"]
[SourceTitle "CBM 110 Extra"]
[Source "ChessBase"]
[SourceDate "2006.03.10"]
[SourceVersion "2"]
[SourceVersionDate "2006.03.10"]
[SourceQuality "1"]

1. e4 e5 2. Nf3 Nc6 3. Bb5 a6 4. Ba4 Nf6 5. O-O Nxe4 6. d4 b5 7. Bb3 d5 8. dxe5 Be6 9. Nbd2 Bc5 10. Qe2 Bf5 11. Nxe4 dxe4 12. Rd1 exf3 13. Rxd8+ Rxd8 14. Qe1 Nd4 15. Be3 fxg2 16. Bxd4 Rxd4 17. e6 fxe6 18. Qe5 Bb6 19. Bxe6 Bxe6 20. Qxe6+ Kd8 21. Re1 Rd2 22. Kxg2 Rxf2+ 23. Kh3 Rd2 24. Qc6 Bf2 25. Re4 1-0

[Event "Warsaw AIG Life rapid"]
[Site "Warsaw"]
[Date "2005.12.18"]
[Round "11"]
[White "Marszalek, Maciej"]
[Black "Zhigalko, Sergei"]
[Result "1/2-1/2"]
[WhiteElo "2415"]
[BlackElo "2490"]
[PlyCount "79"]
[EventDate "2005.12.17"]
[EventType "swiss (rapid)"]
[EventRounds "13"]
[EventCountry "POL"]
[SourceTitle "CBM 110 Extra"]
[Source "ChessBase"]
[SourceDate "2006.03.10"]
[SourceVersion "2"]
[SourceVersionDate "2006.03.10"]
[SourceQuality "1"]

1. d4 Nf6 2. c4 e6 3. Nf3 b6 4. g3 Ba6 5. b3 Bb4+ 6. Bd2 Be7 7. Bg2 c6 8. O-O d5 9. Ne5 Nfd7 10. Nxd7 Nxd7 11. Bc3 O-O 12. Nd2 Nf6 13. Re1 c5 14. dxc5 Bxc5 15. e3 Rc8 16. Bb2 Bb4 17. cxd5 Nxd5 18. Qg4 Bc3 19. Bxc3 Nxc3 20. Nf3 Qf6 21. Nd4 e5 22. Nf5 g6 23. Nh4 Rfd8 24. Nf3 Be2 25. Qg5 Qxg5 26. Nxg5 Rd2 27. Rac1 Ba6 28. Bf1 Ne2+ 29. Bxe2 Rxc1 30. Rxc1 Bxe2 31. a4 h6 32. Ne4 Rb2 33. Kg2 Rxb3 34. Rc7 a5 35. Nd6 f5 36. Ne8 e4 37. Nf6+ Kf8 38. Rd7 b5 39. Nh7+ Ke8 40. Nf6+ 1/2-1/2

[Event "Warsaw AIG Life rapid"]
[Site "Warsaw"]
[Date "2005.12.18"]
[Round "12"]
[White "Zawadzka, Jolanta"]
[Black "Zhigalko, Sergei"]
[Result "1/2-1/2"]
[WhiteElo "2381"]
[BlackElo "2490"]
[PlyCount "68"]
[EventDate "2005.12.17"]
[EventType "swiss (rapid)"]
[EventRounds "13"]
[EventCountry "POL"]
[SourceTitle "CBM 110 Extra"]
[Source "ChessBase"]
[SourceDate "2006.03.10"]
[SourceVersion "2"]
[SourceVersionDate "2006.03.10"]
[SourceQuality "1"]

1. e4 c5 2. Nf3 Nc6 3. d4 cxd4 4. Nxd4 Nf6 5. Nc3 e5 6. Ndb5 d6 7. Bg5 a6 8. Na3 b5 9. Nd5 Be7 10. Bxf6 Bxf6 11. c3 Bg5 12. Nc2 Ne7 13. a4 bxa4 14. Rxa4 O-O 15. Bc4 a5 16. O-O Bd7 17. Ra2 Kh8 18. Nce3 g6 19. b3 Bxe3 20. Nxe3 Bc6 21. Rd2 Nc8 22. Bd5 Qc7 23. Nc4 Bxd5 24. Rxd5 a4 25. Ne3 Qxc3 26. bxa4 Qb4 27. Qf3 Kg7 28. Qg4 Ne7 29. Rb5 Qxa4 30. Rb7 Rfe8 31. Qg5 Ra7 32. Rxe7 Rexe7 33. Nf5+ Kf8 34. Qf6 Ke8 1/2-1/2

[Event "Warsaw AIG Life rapid"]
[Site "Warsaw"]
[Date "2005.12.18"]
[Round "13"]
[White "Zhigalko, Sergei"]
[Black "Michna, Marta"]
[Result "1-0"]
[WhiteElo "2490"]
[BlackElo "2398"]
[PlyCount "99"]
[EventDate "2005.12.17"]
[EventType "swiss (rapid)"]
[EventRounds "13"]
[EventCountry "POL"]
[SourceTitle "CBM 110 Extra"]
[Source "ChessBase"]
[SourceDate "2006.03.10"]
[SourceVersion "2"]
[SourceVersionDate "2006.03.10"]
[SourceQuality "1"]

1. e4 e6 2. d4 d5 3. e5 c5 4. c3 Nc6 5. Nf3 Bd7 6. Be2 Nge7 7. Na3 Nf5 8. O-O Be7 9. Nc2 Rc8 10. dxc5 Bxc5 11. Bd3 Nh4 12. Bf4 Ng6 13. Bg3 Qc7 14. Re1 a6 15. h4 f6 16. Bxg6+ hxg6 17. Ncd4 f5 18. Ne2 Rd8 19. Nf4 Qb6 20. b4 Bf8 21. Nxg6 Rh6 22. Nxf8 Kxf8 23. Bf4 Rh8 24. Be3 Qc7 25. Bc5+ Kg8 26. Bd6 Qc8 27. g3 Be8 28. Ng5 Bh5 29. Qd2 Qd7 30. a4 Ne7 31. Bxe7 Qxe7 32. b5 a5 33. c4 d4 34. Qxa5 d3 35. Qd2 Rh6 36. a5 f4 37. a6 bxa6 38. bxa6 fxg3 39. fxg3 Qc5+ 40. Re3 Be2 41. Kg2 Qc6+ 42. Kg1 Qc5 43. a7 Ra8 44. Kg2 Qxc4 45. Rb1 Qc6+ 46. Re4 Rf8 47. Rb8 Bf3+ 48. Nxf3 Qxe4 49. Rxf8+ Kxf8 50. Qf4+ 1-0

[Event "Moscow Aeroflot op-B"]
[Site "Moscow"]
[Date "2006.02.07"]
[Round "1"]
[White "Zhigalko, Sergei"]
[Black "Pogonina, Natalija"]
[Result "1/2-1/2"]
[WhiteElo "2505"]
[BlackElo "2440"]
[PlyCount "74"]
[EventDate "2006.02.07"]
[EventType "swiss"]
[EventRounds "9"]
[EventCountry "RUS"]
[SourceTitle "EXT 2007"]
[Source "ChessBase"]
[SourceDate "2006.11.23"]
[SourceVersion "1"]
[SourceVersionDate "2006.11.23"]
[SourceQuality "1"]

1. e4 c5 2. Nf3 d6 3. d4 cxd4 4. Nxd4 Nf6 5. Nc3 g6 6. Be3 Bg7 7. f3 O-O 8. Qd2 Nc6 9. Bc4 Bd7 10. O-O-O Rc8 11. Bb3 Ne5 12. Kb1 Re8 13. h4 h5 14. Bh6 Nc4 15. Bxc4 Rxc4 16. Bxg7 Kxg7 17. g4 hxg4 18. h5 Rh8 19. hxg6 fxg6 20. f4 Rxh1 21. Rxh1 Kf7 22. Qd3 Rc5 23. e5 dxe5 24. Nb3 Rxc3 25. Qxc3 exf4 26. Qc4+ Be6 27. Qxf4 Qd6 28. Rh7+ Ke8 29. Qxd6 exd6 30. Rxb7 g3 31. Nd4 g2 32. Ne2 Nd5 33. Rb3 Nf4 34. Rg3 Nxe2 35. Rxg6 Kf7 36. Rxg2 Nf4 37. Rd2 Bd5 1/2-1/2

[Event "Moscow Aeroflot op-B"]
[Site "Moscow"]
[Date "2006.02.08"]
[Round "2"]
[White "Ostrovskiy, Andrey"]
[Black "Zhigalko, Sergei"]
[Result "1/2-1/2"]
[WhiteElo "2403"]
[BlackElo "2505"]
[PlyCount "87"]
[EventDate "2006.02.07"]
[EventType "swiss"]
[EventRounds "9"]
[EventCountry "RUS"]
[SourceTitle "EXT 2007"]
[Source "ChessBase"]
[SourceDate "2006.11.23"]
[SourceVersion "1"]
[SourceVersionDate "2006.11.23"]
[SourceQuality "1"]

1. e4 c5 2. Nf3 Nc6 3. Bb5 Nf6 4. Qe2 g6 5. O-O Bg7 6. c3 O-O 7. h3 e5 8. d3 d6 9. Bg5 h6 10. Be3 Bd7 11. Nbd2 Qe7 12. a4 Kh7 13. Nb3 Rae8 14. Rfe1 Nh5 15. Qd1 Qf6 16. Kh2 Nf4 17. Ng1 Ne6 18. Ne2 Qe7 19. Kh1 f5 20. exf5 gxf5 21. f4 d5 22. Bf2 a6 23. Bxc6 Bxc6 24. Na5 e4 25. d4 Qc7 26. Nxc6 bxc6 27. Be3 Rb8 28. Rb1 cxd4 29. cxd4 Rb4 30. Bd2 Rb7 31. Be3 Rb4 32. Bd2 Rb7 33. Be3 c5 34. Rc1 Rxb2 35. dxc5 d4 36. Nxd4 Nxd4 37. Bxd4 Rd8 38. Qh5 Bxd4 39. Qxf5+ Kh8 40. Qxe4 Bg7 41. c6 Rf8 42. Red1 Rxf4 43. Qxf4 Qxf4 44. c7 1/2-1/2

[Event "Moscow Aeroflot op-B"]
[Site "Moscow"]
[Date "2006.02.09"]
[Round "3"]
[White "Zhigalko, Sergei"]
[Black "Sideifzade, Fikret"]
[Result "1/2-1/2"]
[WhiteElo "2505"]
[BlackElo "2413"]
[PlyCount "67"]
[EventDate "2006.02.07"]
[EventType "swiss"]
[EventRounds "9"]
[EventCountry "RUS"]
[SourceTitle "EXT 2007"]
[Source "ChessBase"]
[SourceDate "2006.11.23"]
[SourceVersion "1"]
[SourceVersionDate "2006.11.23"]
[SourceQuality "1"]

1. e4 e5 2. Nf3 Nc6 3. Bb5 a6 4. Ba4 Nf6 5. O-O Be7 6. Re1 b5 7. Bb3 O-O 8. h3 d6 9. c3 Nd7 10. d4 Nb6 11. Nbd2 exd4 12. cxd4 Nb4 13. Nf1 c5 14. a3 Nc6 15. Be3 cxd4 16. Nxd4 Na5 17. Bc2 Bf6 18. b3 Bb7 19. Ng3 g6 20. Qd2 Nc6 21. Nxc6 Bxc6 22. Rad1 Rc8 23. Qxd6 Qxd6 24. Rxd6 Be7 25. Rdd1 Nd7 26. Bc1 Rfd8 27. Bb2 b4 28. axb4 Bxb4 29. Rf1 Nc5 30. Rxd8+ Rxd8 31. Rd1 Rxd1+ 32. Bxd1 Nxe4 33. Nxe4 Bxe4 34. Be2 1/2-1/2

[Event "Moscow Aeroflot op-B"]
[Site "Moscow"]
[Date "2006.02.10"]
[Round "4"]
[White "Zhou, Weiqi"]
[Black "Zhigalko, Sergei"]
[Result "1-0"]
[WhiteElo "2433"]
[BlackElo "2505"]
[PlyCount "83"]
[EventDate "2006.02.07"]
[EventType "swiss"]
[EventRounds "9"]
[EventCountry "RUS"]
[SourceTitle "EXT 2007"]
[Source "ChessBase"]
[SourceDate "2006.11.23"]
[SourceVersion "1"]
[SourceVersionDate "2006.11.23"]
[SourceQuality "1"]

1. e4 c5 2. Nf3 Nc6 3. Bb5 Nf6 4. Bxc6 dxc6 5. d3 Qc7 6. h3 e5 7. O-O Be7 8. Nbd2 b5 9. b3 O-O 10. Bb2 Nd7 11. Nh2 Re8 12. Qh5 g6 13. Qh6 Bf8 14. Qe3 Bg7 15. a4 h5 16. Nhf3 Qd6 17. Ba3 f6 18. c3 b4 19. Nc4 Qe7 20. cxb4 cxb4 21. Bb2 Kh7 22. d4 exd4 23. Nxd4 Qxe4 24. Qg3 Bf8 25. Nf3 Qf5 26. Rfe1 Ba6 27. Nh4 Qg5 28. Qc7 Rxe1+ 29. Rxe1 Qd5 30. Ne3 Qe6 31. Rd1 Bc8 32. Nc4 Bg7 33. Nf3 c5 34. Re1 Qd5 35. Re7 Qd1+ 36. Kh2 Qxb3 37. Ng5+ Kh6 38. Qf4 Ba6 39. Nd6 Rf8 40. Ne6+ g5 41. Nxg7 gxf4 42. Ngf5+ 1-0

[Event "Moscow Aeroflot op-B"]
[Site "Moscow"]
[Date "2006.02.11"]
[Round "5"]
[White "Zhigalko, Sergei"]
[Black "Loskutov, Oleg"]
[Result "1-0"]
[WhiteElo "2505"]
[BlackElo "2422"]
[PlyCount "72"]
[EventDate "2006.02.07"]
[EventType "swiss"]
[EventRounds "9"]
[EventCountry "RUS"]
[SourceTitle "EXT 2007"]
[Source "ChessBase"]
[SourceDate "2006.11.23"]
[SourceVersion "1"]
[SourceVersionDate "2006.11.23"]
[SourceQuality "1"]

1. e4 c5 2. Nf3 d6 3. d4 cxd4 4. Nxd4 Nf6 5. Nc3 a6 6. Be3 e5 7. Nb3 Be7 8. f3 Be6 9. Qd2 h5 10. Be2 Nbd7 11. Nd5 Bxd5 12. exd5 g6 13. O-O h4 14. Na5 Qc7 15. c4 Nh5 16. b4 Nf4 17. Rfd1 Bg5 18. Bf1 Nf6 19. Rac1 Kf8 20. c5 Kg7 21. Qf2 Rh5 22. cxd6 Qxd6 23. Nc4 Qe7 24. d6 Qe6 25. Nb6 Rd8 26. Bc4 Qf5 27. Bf1 Ne6 28. d7 Nd4 29. Rc8 Qe6 30. Rxd8 Bxe3 31. Qxe3 Qxb6 32. Rxd4 Qxd8 33. Rd6 b6 34. Bxa6 e4 35. Qd4 Rf5 36. fxe4 Rf4 1-0

[Event "Moscow Aeroflot op-B"]
[Site "Moscow"]
[Date "2006.02.12"]
[Round "6"]
[White "Gupta, Abhijeet"]
[Black "Zhigalko, Sergei"]
[Result "0-1"]
[WhiteElo "2449"]
[BlackElo "2505"]
[PlyCount "82"]
[EventDate "2006.02.07"]
[EventType "swiss"]
[EventRounds "9"]
[EventCountry "RUS"]
[SourceTitle "EXT 2007"]
[Source "ChessBase"]
[SourceDate "2006.11.23"]
[SourceVersion "1"]
[SourceVersionDate "2006.11.23"]
[SourceQuality "1"]

1. d4 Nf6 2. c4 e6 3. Nf3 b6 4. a3 Ba6 5. Qc2 Bb7 6. Nbd2 d5 7. e3 Nbd7 8. b4 c5 9. cxd5 Bxd5 10. e4 Bb7 11. dxc5 bxc5 12. b5 Qa5 13. Kd1 c4 14. Bxc4 Nb6 15. Ne5 Rc8 16. Ke2 Be7 17. a4 Nxc4 18. Nexc4 Qc7 19. f3 O-O 20. Bb2 Nh5 21. g3 f5 22. e5 Bg5 23. Rac1 Rfd8 24. Rhd1 Bd5 25. f4 Bxf4 26. gxf4 Nxf4+ 27. Kf1 Qc5 28. Ke1 Bxc4 29. Nf1 Rxd1+ 30. Rxd1 Qg1 31. Kd2 Qf2+ 32. Kc1 Qxc2+ 33. Kxc2 Bxf1+ 34. Kb3 Bc4+ 35. Ka3 Bd5 36. Kb4 Ne2 37. a5 f4 38. b6 axb6 39. axb6 f3 40. Rf1 Rc2 41. Ba1 Rc1 0-1

[Event "Moscow Aeroflot op-B"]
[Site "Moscow"]
[Date "2006.02.13"]
[Round "7"]
[White "Zhigalko, Sergei"]
[Black "Yegiazarian, Arsen"]
[Result "1-0"]
[WhiteElo "2505"]
[BlackElo "2524"]
[PlyCount "75"]
[EventDate "2006.02.07"]
[EventType "swiss"]
[EventRounds "9"]
[EventCountry "RUS"]
[SourceTitle "EXT 2007"]
[Source "ChessBase"]
[SourceDate "2006.11.23"]
[SourceVersion "1"]
[SourceVersionDate "2006.11.23"]
[SourceQuality "1"]

1. e4 c5 2. Nf3 d6 3. d4 cxd4 4. Nxd4 Nf6 5. Nc3 a6 6. Be3 e5 7. Nb3 Be6 8. f3 Be7 9. Qd2 O-O 10. O-O-O Nbd7 11. g4 b5 12. g5 b4 13. Ne2 Ne8 14. Ng3 a5 15. Kb1 a4 16. Nc1 b3 17. cxb3 axb3 18. a3 Qc8 19. h4 Bd8 20. h5 Bb6 21. Bxb6 Nxb6 22. Rh2 Nc4 23. Bxc4 Qxc4 24. Nf5 Bxf5 25. exf5 Ra4 26. Ne2 Qc8 27. Qd3 d5 28. h6 Qc2+ 29. Qxc2 bxc2+ 30. Kxc2 d4 31. Ng3 g6 32. Re1 Nd6 33. Rxe5 Nc4 34. Rc5 Ne3+ 35. Kb3 Raa8 36. Rd2 Rfd8 37. Ka2 Nd5 38. Rxd4 1-0

[Event "Moscow Aeroflot op-B"]
[Site "Moscow"]
[Date "2006.02.14"]
[Round "8"]
[White "Vorobiov, Evgeny E"]
[Black "Zhigalko, Sergei"]
[Result "1-0"]
[WhiteElo "2540"]
[BlackElo "2505"]
[PlyCount "103"]
[EventDate "2006.02.07"]
[EventType "swiss"]
[EventRounds "9"]
[EventCountry "RUS"]
[SourceTitle "EXT 2007"]
[Source "ChessBase"]
[SourceDate "2006.11.23"]
[SourceVersion "1"]
[SourceVersionDate "2006.11.23"]
[SourceQuality "1"]

1. e4 c5 2. Nf3 Nc6 3. d4 cxd4 4. Nxd4 Nf6 5. Nc3 e5 6. Ndb5 d6 7. Bg5 a6 8. Na3 b5 9. Bxf6 gxf6 10. Nd5 Bg7 11. Bd3 Ne7 12. Nxe7 Qxe7 13. O-O O-O 14. c4 f5 15. Qh5 Rb8 16. exf5 e4 17. Rae1 Bb7 18. b3 bxc4 19. bxc4 Kh8 20. Nc2 Bc6 21. a3 Bc3 22. Re3 Rb2 23. Nb4 Bxb4 24. axb4 Rxb4 25. f6 Qxf6 26. Bxe4 Bxe4 27. Rxe4 Rb2 28. g3 Rg8 29. Qa5 Qg6 30. Re7 Qf6 31. Ra7 Re8 32. Rxa6 Ree2 33. Ra8+ Kg7 34. Qa7 Rec2 35. Qe3 Re2 36. Qa7 Red2 37. Re8 Qd4 38. Qe7 h6 39. Qf8+ Kg6 40. Re3 Qg7 41. Qa8 Kh7 42. Rf3 Re2 43. Qa7 Kg8 44. Rd1 Re6 45. c5 d5 46. Rxd5 Rf6 47. Qa8+ Kh7 48. Rdf5 Rxf5 49. Rxf5 Qg6 50. Qf3 Kg8 51. Rf6 Qg7 52. Qa8+ 1-0

[Event "Moscow Aeroflot op-B"]
[Site "Moscow"]
[Date "2006.02.15"]
[Round "9"]
[White "Zhigalko, Sergei"]
[Black "Spoelman, Wouter"]
[Result "1-0"]
[WhiteElo "2505"]
[BlackElo "2442"]
[PlyCount "53"]
[EventDate "2006.02.07"]
[EventType "swiss"]
[EventRounds "9"]
[EventCountry "RUS"]
[SourceTitle "EXT 2007"]
[Source "ChessBase"]
[SourceDate "2006.11.23"]
[SourceVersion "1"]
[SourceVersionDate "2006.11.23"]
[SourceQuality "1"]

1. e4 c5 2. Nf3 d6 3. d4 cxd4 4. Nxd4 Nf6 5. Nc3 a6 6. Be3 e5 7. Nb3 Be6 8. f3 Be7 9. Qd2 O-O 10. O-O-O Nbd7 11. g4 b5 12. g5 b4 13. Ne2 Nh5 14. Ng3 Nf4 15. h4 g6 16. Bxf4 exf4 17. Ne2 a5 18. Nxf4 a4 19. Nd4 b3 20. cxb3 axb3 21. a3 d5 22. Kb1 Qb6 23. Nfxe6 fxe6 24. Bh3 Bxa3 25. Bxe6+ Kh8 26. bxa3 Rxa3 27. Qc3 1-0

[Event "BLR-ch"]
[Site "Minsk"]
[Date "2006.03.04"]
[Round "1"]
[White "Kovalev, Andrei"]
[Black "Zhigalko, Sergei"]
[Result "1-0"]
[WhiteElo "2538"]
[BlackElo "2496"]
[PlyCount "97"]
[EventDate "2006.03.04"]
[EventType "tourn"]
[EventRounds "13"]
[EventCountry "BLR"]
[EventCategory "10"]
[SourceTitle "CBM 111 Extra"]
[Source "ChessBase"]
[SourceDate "2006.05.09"]
[SourceVersion "1"]
[SourceVersionDate "2006.05.09"]
[SourceQuality "1"]

1. e4 c5 2. Nf3 Nc6 3. Bb5 g6 4. O-O Bg7 5. c3 Nf6 6. Qa4 O-O 7. d4 cxd4 8. cxd4 d5 9. e5 Nd7 10. h3 Nb6 11. Qd1 Bd7 12. Nc3 Rc8 13. Re1 a6 14. Bf1 Bf5 15. Bf4 Qd7 16. Rc1 Rfd8 17. b3 f6 18. Qd2 Re8 19. Qe3 Be6 20. Bd3 Nd8 21. Bb1 Nf7 22. a4 Qd8 23. a5 Nd7 24. b4 Nf8 25. Na4 Rxc1 26. Qxc1 Nd7 27. Ba2 g5 28. Bh2 h6 29. Nc3 Nf8 30. exf6 Bxf6 31. Bb3 b5 32. axb6 Qxb6 33. Nxd5 Bxd5 34. Bxd5 Qxb4 35. Qc7 Bxd4 36. Qc6 Rd8 37. Bxf7+ Kxf7 38. Qxh6 Bf6 39. Be5 Rd5 40. Nxg5+ Ke8 41. Qh5+ Kd7 42. Nf3 Ne6 43. Qf5 a5 44. Rc1 a4 45. Rc7+ Kd8 46. Qxe6 Qb1+ 47. Kh2 Bxe5+ 48. Nxe5 Kxc7 49. Qxd5 1-0

[Event "BLR-ch"]
[Site "Minsk"]
[Date "2006.03.05"]
[Round "2"]
[White "Zhigalko, Sergei"]
[Black "Kasparov, Sergey"]
[Result "1/2-1/2"]
[WhiteElo "2496"]
[BlackElo "2491"]
[PlyCount "91"]
[EventDate "2006.03.04"]
[EventType "tourn"]
[EventRounds "13"]
[EventCountry "BLR"]
[EventCategory "10"]
[SourceTitle "CBM 111 Extra"]
[Source "ChessBase"]
[SourceDate "2006.05.09"]
[SourceVersion "1"]
[SourceVersionDate "2006.05.09"]
[SourceQuality "1"]

1. e4 c6 2. d4 d5 3. e5 Bf5 4. Nd2 e6 5. Nb3 c5 6. Nxc5 Bxc5 7. dxc5 Qa5+ 8. c3 Qxc5 9. Nf3 Ne7 10. Bd3 Qc7 11. O-O Nbc6 12. Re1 h6 13. h3 g5 14. Bxf5 Nxf5 15. Nd4 Nfxd4 16. cxd4 O-O-O 17. Be3 Kb8 18. Rc1 Qd7 19. Qh5 Rdf8 20. Rc3 Ne7 21. Rec1 Nf5 22. Qe2 Rc8 23. g4 Rxc3 24. Rxc3 Nxe3 25. Qxe3 Qe7 26. Kg2 h5 27. f3 a6 28. Rc2 Qd8 29. Rf2 Ka8 30. Rc2 Kb8 31. Rf2 Qg8 32. Qd3 Qf8 33. Rc2 Qe7 34. Qe3 Ka7 35. Qc3 Kb8 36. Qc5 Qxc5 37. Rxc5 b6 38. Rc2 Kb7 39. Kg3 hxg4 40. fxg4 Rh6 41. Rf2 Rh7 42. Rh2 Rh4 43. Rf2 Rh7 44. Rh2 Rh4 45. Rf2 Rh7 46. Rh2 1/2-1/2

[Event "BLR-ch"]
[Site "Minsk"]
[Date "2006.03.06"]
[Round "3"]
[White "Maiorov, Nikita"]
[Black "Zhigalko, Sergei"]
[Result "1/2-1/2"]
[WhiteElo "2490"]
[BlackElo "2496"]
[PlyCount "103"]
[EventDate "2006.03.04"]
[EventType "tourn"]
[EventRounds "13"]
[EventCountry "BLR"]
[EventCategory "10"]
[SourceTitle "CBM 111 Extra"]
[Source "ChessBase"]
[SourceDate "2006.05.09"]
[SourceVersion "1"]
[SourceVersionDate "2006.05.09"]
[SourceQuality "1"]

1. d4 Nf6 2. c4 e6 3. Nc3 Bb4 4. Qc2 d5 5. cxd5 exd5 6. Bg5 c5 7. a3 Bxc3+ 8. Qxc3 c4 9. g3 O-O 10. Bg2 Nbd7 11. Nf3 h6 12. Be3 Ne4 13. Qc1 Qa5+ 14. Nd2 Ndf6 15. O-O Bf5 16. Nb1 Rfe8 17. f3 Nd6 18. Nc3 Nb5 19. Qd2 Nxc3 20. bxc3 Re6 21. Bf2 Rae8 22. Rfe1 Rb6 23. g4 Bh7 24. h4 Rb3 25. Rac1 Rxa3 26. g5 hxg5 27. hxg5 Nh5 28. e4 Ra2 29. exd5 Rf8 30. Qe3 Qxd5 31. Ra1 Rxa1 32. Rxa1 a6 33. f4 Qf5 34. Bg3 Nxg3 35. Qxg3 Qc2 36. Qe1 Qb3 37. Ra5 Bd3 38. Rc5 b5 39. d5 Qa3 40. Rc6 a5 41. d6 b4 42. d7 b3 43. Bd5 b2 44. Bxf7+ Kh8 45. Qh4+ Bh7 46. Rb6 Qa1+ 47. Kh2 b1=Q 48. Rxb1 Qxb1 49. g6 Qc2+ 50. Kg1 Qd1+ 51. Kh2 Qe2+ 52. Kg1 1/2-1/2

[Event "BLR-ch"]
[Site "Minsk"]
[Date "2006.03.07"]
[Round "4"]
[White "Fedorov, Alexei"]
[Black "Zhigalko, Sergei"]
[Result "1-0"]
[WhiteElo "2608"]
[BlackElo "2496"]
[PlyCount "119"]
[EventDate "2006.03.04"]
[EventType "tourn"]
[EventRounds "13"]
[EventCountry "BLR"]
[EventCategory "10"]
[SourceTitle "CBM 111 Extra"]
[Source "ChessBase"]
[SourceDate "2006.05.09"]
[SourceVersion "1"]
[SourceVersionDate "2006.05.09"]
[SourceQuality "1"]

1. e4 c5 2. Nf3 Nc6 3. d4 cxd4 4. Nxd4 Nf6 5. Nc3 e5 6. Ndb5 d6 7. Bg5 a6 8. Na3 b5 9. Nd5 Be7 10. Bxf6 Bxf6 11. c4 b4 12. Nc2 a5 13. g3 O-O 14. Bg2 Be6 15. O-O Bxd5 16. cxd5 Na7 17. h4 Qb8 18. Bh3 Bd8 19. Ne3 Bb6 20. Nc4 Bd4 21. Rc1 Nc8 22. Qe2 a4 23. Kg2 b3 24. a3 Ne7 25. Ne3 g6 26. h5 Ra7 27. Rh1 Rc7 28. Qd2 Rxc1 29. Qxc1 Qb7 30. Nc4 Qc7 31. Qh6 f5 32. hxg6 Nxg6 33. Bxf5 Qg7 34. Qxg7+ Kxg7 35. Kf3 h6 36. Rb1 Ne7 37. Nxd6 Rd8 38. Nb5 Nxf5 39. exf5 Rxd5 40. Nxd4 Rxd4 41. Re1 Kf6 42. g4 Rf4+ 43. Kg3 h5 44. gxh5 Kxf5 45. f3 Rc4 46. Rh1 Rc7 47. Rh4 Kg5 48. h6 Kg6 49. h7 Rxh7 50. Rxa4 Rd7 51. Rb4 Rd3 52. Kg4 Kf6 53. Rb6+ Ke7 54. Kf5 Re3 55. f4 exf4 56. Kxf4 Rh3 57. Ke4 Kd7 58. Kd5 Kc7 59. Rb4 Rh2 60. Rxb3 1-0

[Event "BLR-ch"]
[Site "Minsk"]
[Date "2006.03.09"]
[Round "6"]
[White "Mihajlovskij, Sergei"]
[Black "Zhigalko, Sergei"]
[Result "0-1"]
[WhiteElo "2408"]
[BlackElo "2496"]
[PlyCount "52"]
[EventDate "2006.03.04"]
[EventType "tourn"]
[EventRounds "13"]
[EventCountry "BLR"]
[EventCategory "10"]
[SourceTitle "CBM 111 Extra"]
[Source "ChessBase"]
[SourceDate "2006.05.09"]
[SourceVersion "1"]
[SourceVersionDate "2006.05.09"]
[SourceQuality "1"]

1. d4 Nf6 2. Nf3 e6 3. Bg5 h6 4. Bxf6 Qxf6 5. e4 d6 6. e5 Qd8 7. Nbd2 Nd7 8. Bd3 c5 9. exd6 cxd4 10. Nxd4 Bxd6 11. Qe2 a6 12. O-O-O Nc5 13. Ne4 Nxe4 14. Qxe4 Qc7 15. Kb1 Bd7 16. Rhe1 Bc5 17. f4 O-O-O 18. g3 Rhe8 19. Nf3 f6 20. Qe2 g5 21. Bc4 gxf4 22. gxf4 Qxf4 23. Bxa6 bxa6 24. Qxa6+ Kc7 25. Rd3 Qa4 26. Rxd7+ Qxd7 0-1